000 00326nam a2200133Ia 4500
008 231129s1998||||xx |||||||||||||| ||spa||
040 _bspa
082 _a371.3078 R436e
100 _aRestrepo Luis Carlos
245 0 _aEscuela Siglo XXI
260 _c1998
264 _aCooperativa Editorial Magisterio
942 _2ddc
_cBKS
999 _c13381
_d13381